| 000 | 00663nam a2200229Ia 4500 | ||
|---|---|---|---|
| 005 | 20260320201930.0 | ||
| 008 | 008 262003s9999 xx 000 0 eng d | ||
| 037 | _aEBOOK | ||
| 040 | _aCRL | ||
| 040 | _beng | ||
| 040 | _cCRL | ||
| 041 | _2eng | ||
| 041 | _aeng | ||
| 084 | _qCRL | ||
| 100 |
_aAshcraft _91136217 |
||
| 245 | 0 | _aParallel Programming and Concurrency with C# 10 and .NET 6: A modern approach to building faster, more responsive, and asynchronous .NET applications using C# | |
| 260 | _bIEEE | ||
| 856 | _uhttps://ieeexplore.ieee.org/servlet/opac?bknumber=10162703 | ||
| 942 | _cEBOOK | ||
| 999 |
_c1724350 _d1724350 |
||